Schnelle Mathematik - Multiplikation Level 22 - Statistiken

Allgemein
  • Dieses Quiz wurde 105 mal gespielt
  • Das Durchschnittsergebnis liegt bei 16 aus 20
Antwortstatistiken
Frage Antwort % Korrekt
5⋅2 10
100%
4⋅25 100
100%
20⋅5 100
100%
25⋅4 100
100%
100⋅10 1000
100%
17⋅6 102
100%
13⋅8 104
100%
7⋅15 105
100%
15⋅7 105
100%
6⋅18 108
100%
9⋅12 108
100%
12⋅9 108
100%
1⋅11 11
100%
11⋅1 11
100%
5⋅22 110
100%
8⋅14 112
100%
14⋅8 112
100%
6⋅19 114
100%
5⋅23 115
100%
9⋅13 117
100%
17⋅7 119
100%
1⋅12 12
100%
6⋅2 12
100%
12⋅1 12
100%
8⋅15 120
100%
12⋅10 120
100%
25⋅5 125
100%
7⋅18 126
100%
9⋅14 126
100%
14⋅9 126
100%
21⋅6 126
100%
13⋅10 130
100%
6⋅22 132
100%
11⋅12 132
100%
12⋅11 132
100%
22⋅6 132
100%
19⋅7 133
100%
121⋅11 1331
100%
8⋅17 136
100%
1⋅14 14
100%
7⋅2 14
100%
14⋅1 14
100%
14⋅10 140
100%
20⋅7 140
100%
11⋅13 143
100%
13⋅11 143
100%
21⋅7 147
100%
5⋅3 15
100%
15⋅1 15
100%
6⋅25 150
100%
10⋅15 150
100%
15⋅10 150
100%
8⋅19 152
100%
9⋅17 153
100%
17⋅9 153
100%
14⋅11 154
100%
1⋅16 16
100%
8⋅20 160
100%
10⋅16 160
100%
40⋅40 1600
100%
7⋅23 161
100%
9⋅18 162
100%
18⋅9 162
100%
11⋅15 165
100%
7⋅24 168
100%
8⋅21 168
100%
12⋅14 168
100%
14⋅12 168
100%
21⋅8 168
100%
24⋅7 168
100%
1⋅17 17
100%
17⋅1 17
100%
10⋅17 170
100%
17⋅10 170
100%
9⋅19 171
100%
19⋅9 171
100%
7⋅25 175
100%
25⋅7 175
100%
8⋅22 176
100%
22⋅8 176
100%
1⋅18 18
100%
6⋅3 18
100%
9⋅2 18
100%
9⋅20 180
100%
10⋅18 180
100%
15⋅12 180
100%
20⋅9 180
100%
8⋅23 184
100%
11⋅17 187
100%
17⋅11 187
100%
9⋅21 189
100%
1⋅19 19
100%
19⋅1 19
100%
19⋅10 190
100%
8⋅24 192
100%
24⋅8 192
100%
14⋅14 196
100%
18⋅11 198
100%
22⋅9 198
100%
1⋅20 20
100%
5⋅4 20
100%
20⋅1 20
100%
10⋅20 200
100%
20⋅10 200
100%
25⋅8 200
100%
12⋅17 204
100%
9⋅23 207
100%
23⋅9 207
100%
11⋅19 209
100%
1⋅21 21
100%
7⋅3 21
100%
21⋅1 21
100%
14⋅15 210
100%
15⋅14 210
100%
21⋅10 210
100%
36⋅6 216
100%
18⋅12 216
100%
24⋅9 216
100%
1⋅22 22
100%
2⋅11 22
100%
22⋅1 22
100%
10⋅22 220
100%
11⋅20 220
100%
22⋅10 220
100%
14⋅16 224
100%
1⋅23 23
100%
10⋅23 230
100%
23⋅10 230
100%
21⋅11 231
100%
17⋅14 238
100%
1⋅24 24
100%
2⋅12 24
100%
6⋅4 24
100%
8⋅3 24
100%
24⋅1 24
100%
10⋅24 240
100%
12⋅20 240
100%
24⋅10 240
100%
11⋅22 242
100%
27⋅9 243
100%
1⋅25 25
100%
25⋅10 250
100%
21⋅12 252
100%
11⋅23 253
100%
64⋅4 256
100%
2⋅13 26
100%
13⋅2 26
100%
13⋅20 260
100%
11⋅24 264
100%
12⋅22 264
100%
24⋅11 264
100%
14⋅19 266
100%
19⋅14 266
100%
9⋅3 27
100%
16⋅17 272
100%
13⋅21 273
100%
21⋅13 273
100%
25⋅11 275
100%
23⋅12 276
100%
2⋅14 28
100%
7⋅4 28
100%
14⋅2 28
100%
14⋅20 280
100%
20⋅14 280
100%
13⋅22 286
100%
22⋅13 286
100%
24⋅12 288
100%
13⋅23 299
100%
23⋅13 299
100%
2⋅15 30
100%
6⋅5 30
100%
10⋅3 30
100%
12⋅25 300
100%
15⋅20 300
100%
20⋅15 300
100%
25⋅12 300
100%
17⋅18 306
100%
14⋅22 308
100%
21⋅15 315
100%
16⋅20 320
100%
23⋅14 322
100%
17⋅19 323
100%
18⋅18 324
100%
25⋅13 325
100%
11⋅3 33
100%
22⋅15 330
100%
21⋅16 336
100%
24⋅14 336
100%
2⋅17 34
100%
17⋅20 340
100%
20⋅17 340
100%
18⋅19 342
100%
19⋅18 342
100%
5⋅7 35
100%
16⋅22 352
100%
17⋅21 357
100%
21⋅17 357
100%
2⋅18 36
100%
6⋅6 36
100%
9⋅4 36
100%
12⋅3 36
100%
18⋅2 36
100%
20⋅18 360
100%
24⋅15 360
100%
17⋅22 374
100%
25⋅15 375
100%
21⋅18 378
100%
2⋅19 38
100%
19⋅2 38
100%
19⋅20 380
100%
3⋅13 39
100%
13⋅3 39
100%
23⋅17 391
100%
19⋅21 399
100%
5⋅8 40
100%
8⋅5 40
100%
10⋅4 40
100%
20⋅2 40
100%
20⋅20 400
100%
18⋅23 414
100%
23⋅18 414
100%
2⋅21 42
100%
3⋅14 42
100%
6⋅7 42
100%
21⋅20 420
100%
17⋅25 425
100%
23⋅19 437
100%
2⋅22 44
100%
4⋅11 44
100%
11⋅4 44
100%
22⋅2 44
100%
20⋅22 440
100%
21⋅21 441
100%
5⋅9 45
100%
9⋅5 45
100%
15⋅3 45
100%
25⋅18 450
100%
23⋅2 46
100%
20⋅23 460
100%
23⋅20 460
100%
22⋅21 462
100%
19⋅25 475
100%
2⋅24 48
100%
3⋅16 48
100%
4⋅12 48
100%
8⋅6 48
100%
12⋅4 48
100%
24⋅2 48
100%
7⋅7 49
100%
5⋅1 5
100%
5⋅10 50
100%
10⋅5 50
100%
25⋅2 50
100%
25⋅20 500
100%
23⋅22 506
100%
4⋅13 52
100%
13⋅4 52
100%
24⋅22 528
100%
6⋅9 54
100%
9⋅6 54
100%
5⋅11 55
100%
4⋅14 56
100%
7⋅8 56
100%
8⋅7 56
100%
14⋅4 56
100%
3⋅19 57
100%
19⋅3 57
100%
25⋅23 575
100%
6⋅1 6
100%
3⋅20 60
100%
4⋅15 60
100%
5⋅12 60
100%
12⋅5 60
100%
15⋅4 60
100%
20⋅3 60
100%
25⋅25 625
100%
3⋅21 63
100%
7⋅9 63
100%
9⋅7 63
100%
4⋅16 64
100%
8⋅8 64
100%
16⋅4 64
100%
5⋅13 65
100%
13⋅5 65
100%
3⋅22 66
100%
22⋅3 66
100%
4⋅17 68
100%
17⋅4 68
100%
7⋅1 7
100%
5⋅14 70
100%
7⋅10 70
100%
10⋅7 70
100%
14⋅5 70
100%
3⋅24 72
100%
8⋅9 72
100%
9⋅8 72
100%
18⋅4 72
100%
24⋅3 72
100%
3⋅25 75
100%
5⋅15 75
100%
15⋅5 75
100%
4⋅19 76
100%
19⋅4 76
100%
7⋅11 77
100%
11⋅7 77
100%
6⋅13 78
100%
8⋅1 8
100%
4⋅20 80
100%
5⋅16 80
100%
8⋅10 80
100%
20⋅4 80
100%
9⋅9 81
100%
6⋅14 84
100%
7⋅12 84
100%
12⋅7 84
100%
14⋅6 84
100%
21⋅4 84
100%
5⋅17 85
100%
4⋅22 88
100%
8⋅11 88
100%
22⋅4 88
100%
9⋅1 9
100%
5⋅18 90
100%
6⋅15 90
100%
9⋅10 90
100%
18⋅5 90
100%
7⋅13 91
100%
4⋅24 96
100%
6⋅16 96
100%
8⋅12 96
100%
12⋅8 96
100%
16⋅6 96
100%
24⋅4 96
100%
14⋅7 98
100%
9⋅11 99
100%
25⋅6 150
83%
23⋅5 115
80%
6⋅21 126
80%
10⋅10 100
75%
12⋅18 216
75%
15⋅15 225
75%
12⋅2 24
75%
16⋅16 256
75%
16⋅25 400
75%
35⋅35 1225
67%
5⋅25 125
67%
216⋅6 1296
67%
10⋅13 130
67%
7⋅20 140
67%
12⋅12 144
67%
16⋅10 160
67%
16⋅11 176
67%
12⋅16 192
67%
13⋅15 195
67%
10⋅2 20
67%
18⋅15 270
67%
15⋅2 30
67%
15⋅25 375
67%
24⋅16 384
67%
20⋅21 420
67%
19⋅23 437
67%
2⋅23 46
67%
21⋅22 462
67%
3⋅17 51
67%
17⋅3 51
67%
11⋅6 66
67%
6⋅12 72
67%
7⋅14 98
67%
15⋅18 270
60%
10⋅1 10
50%
64⋅16 1024
50%
8⋅13 104
50%
18⋅6 108
50%
16⋅7 112
50%
34⋅34 1156
50%
24⋅5 120
50%
37⋅37 1369
50%
9⋅16 144
50%
39⋅39 1521
50%
13⋅12 156
50%
144⋅12 1728
50%
11⋅16 176
50%
44⋅44 1936
50%
16⋅14 224
50%
14⋅17 238
50%
20⋅12 240
50%
13⋅19 247
50%
12⋅21 252
50%
18⋅14 252
50%
22⋅12 264
50%
15⋅19 285
50%
17⋅17 289
50%
15⋅21 315
50%
18⋅21 378
50%
16⋅24 384
50%
17⋅23 391
50%
25⋅16 400
50%
22⋅19 418
50%
14⋅3 42
50%
21⋅2 42
50%
24⋅19 456
50%
20⋅25 500
50%
21⋅24 504
50%
22⋅24 528
50%
23⋅23 529
50%
3⋅18 54
50%
24⋅24 576
50%
26⋅26 676
50%
13⋅7 91
50%
31⋅31 961
50%
256⋅4 1024
33%
43⋅43 1849
33%
18⋅13 234
33%
14⋅24 336
33%
225⋅15 3375
33%
16⋅23 368
33%
25⋅17 425
33%
81⋅9 729
33%
28⋅28 784
33%
5⋅20 100
0%
6⋅17 102
0%
32⋅32 1024
0%
5⋅21 105
0%
21⋅5 105
0%
33⋅33 1089
0%
10⋅11 110
0%
11⋅10 110
0%
22⋅5 110
0%
7⋅16 112
0%
19⋅6 114
0%
13⋅9 117
0%
7⋅17 119
0%
5⋅24 120
0%
6⋅20 120
0%
10⋅12 120
0%
15⋅8 120
0%
20⋅6 120
0%
11⋅11 121
0%
18⋅7 126
0%
8⋅16 128
0%
16⋅8 128
0%
36⋅36 1296
0%
1⋅13 13
0%
13⋅1 13
0%
7⋅19 133
0%
9⋅15 135
0%
15⋅9 135
0%
17⋅8 136
0%
6⋅23 138
0%
23⋅6 138
0%
10⋅14 140
0%
6⋅24 144
0%
8⋅18 144
0%
16⋅9 144
0%
18⋅8 144
0%
24⋅6 144
0%
38⋅38 1444
0%
7⋅21 147
0%
1⋅15 15
0%
19⋅8 152
0%
7⋅22 154
0%
11⋅14 154
0%
22⋅7 154
0%
12⋅13 156
0%
8⋅2 16
0%
16⋅1 16
0%
20⋅8 160
0%
23⋅7 161
0%
15⋅11 165
0%
41⋅41 1681
0%
13⋅13 169
0%
42⋅42 1764
0%
18⋅1 18
0%
12⋅15 180
0%
18⋅10 180
0%
13⋅14 182
0%
14⋅13 182
0%
23⋅8 184
0%
21⋅9 189
0%
10⋅19 190
0%
16⋅12 192
0%
15⋅13 195
0%
9⋅22 198
0%
11⋅18 198
0%
8⋅25 200
0%
45⋅45 2025
0%
17⋅12 204
0%
13⋅16 208
0%
16⋅13 208
0%
19⋅11 209
0%
10⋅21 210
0%
9⋅24 216
0%
169⋅13 2197
0%
11⋅2 22
0%
20⋅11 220
0%
13⋅17 221
0%
17⋅13 221
0%
9⋅25 225
0%
25⋅9 225
0%
12⋅19 228
0%
19⋅12 228
0%
23⋅1 23
0%
11⋅21 231
0%
13⋅18 234
0%
15⋅16 240
0%
16⋅15 240
0%
343⋅7 2401
0%
22⋅11 242
0%
81⋅3 243
0%
19⋅13 247
0%
5⋅5 25
0%
25⋅1 25
0%
10⋅25 250
0%
14⋅18 252
0%
23⋅11 253
0%
15⋅17 255
0%
17⋅15 255
0%
20⋅13 260
0%
17⋅16 272
0%
196⋅14 2744
0%
11⋅25 275
0%
12⋅23 276
0%
19⋅15 285
0%
12⋅24 288
0%
16⋅18 288
0%
18⋅16 288
0%
14⋅21 294
0%
21⋅14 294
0%
5⋅6 30
0%
16⋅19 304
0%
19⋅16 304
0%
18⋅17 306
0%
22⋅14 308
0%
13⋅24 312
0%
24⋅13 312
0%
2⋅16 32
0%
8⋅4 32
0%
16⋅2 32
0%
20⋅16 320
0%
14⋅23 322
0%
19⋅17 323
0%
13⋅25 325
0%
3⋅11 33
0%
15⋅22 330
0%
16⋅21 336
0%
17⋅2 34
0%
49⋅7 343
0%
15⋅23 345
0%
23⋅15 345
0%
7⋅5 35
0%
14⋅25 350
0%
25⋅14 350
0%
22⋅16 352
0%
3⋅12 36
0%
15⋅24 360
0%
18⋅20 360
0%
19⋅19 361
0%
23⋅16 368
0%
22⋅17 374
0%
20⋅19 380
0%
18⋅22 396
0%
22⋅18 396
0%
21⋅19 399
0%
2⋅20 40
0%
17⋅24 408
0%
24⋅17 408
0%
512⋅8 4096
0%
19⋅22 418
0%
7⋅6 42
0%
18⋅24 432
0%
24⋅18 432
0%
22⋅20 440
0%
3⋅15 45
0%
18⋅25 450
0%
19⋅24 456
0%
25⋅19 475
0%
6⋅8 48
0%
16⋅3 48
0%
20⋅24 480
0%
24⋅20 480
0%
21⋅23 483
0%
23⋅21 483
0%
22⋅22 484
0%
2⋅25 50
0%
24⋅21 504
0%
22⋅23 506
0%
64⋅8 512
0%
21⋅25 525
0%
25⋅21 525
0%
18⋅3 54
0%
11⋅5 55
0%
22⋅25 550
0%
25⋅22 550
0%
23⋅24 552
0%
24⋅23 552
0%
23⋅25 575
0%
6⋅10 60
0%
10⋅6 60
0%
24⋅25 600
0%
25⋅24 600
0%
125⋅5 625
0%
21⋅3 63
0%
6⋅11 66
0%
3⋅23 69
0%
23⋅3 69
0%
4⋅18 72
0%
12⋅6 72
0%
27⋅27 729
0%
25⋅3 75
0%
13⋅6 78
0%
10⋅8 80
0%
16⋅5 80
0%
27⋅3 81
0%
4⋅21 84
0%
29⋅29 841
0%
17⋅5 85
0%
11⋅8 88
0%
10⋅9 90
0%
15⋅6 90
0%
30⋅30 900
0%
4⋅23 92
0%
23⋅4 92
0%
5⋅19 95
0%
19⋅5 95
0%
11⋅9 99
0%
Keine übereinstimmenden Quizze gefunden
Verteilung der Resultate
Anzahl Personen mit jedem Resultat
Perzentil nach korrekt beantworteten Fragen
Ihre Resultats-Entwicklung
Sie haben dieses Quiz noch nicht gespielt